<?xml version="1.0" encoding="UTF-8"?>
<record
    xmlns:xsi="http://www.w3.org/2001/XMLSchema-instance"
    xsi:schemaLocation="http://www.loc.gov/MARC21/slim http://www.loc.gov/standards/marcxml/schema/MARC21slim.xsd"
    xmlns="http://www.loc.gov/MARC21/slim">

  <leader>00453    a2200109   4500</leader>
  <controlfield tag="001">ART_7859</controlfield>
  <controlfield tag="005">20260410161638.0</controlfield>
  <controlfield tag="008">260409a                                 </controlfield>
  <datafield tag="245" ind1="1" ind2="0">
    <subfield code="a">Aspectos atinentes a la facturaci&#xF3;n en el comercio exterior. Requisitos en el caso de mercader&#xED;a importada y tipo de factura para la llamada "exportaci&#xF3;n de servicios"</subfield>
  </datafield>
  <datafield tag="100" ind1="1" ind2=" ">
    <subfield code="a">Lorenzo, Armando</subfield>
  </datafield>
  <datafield tag="773" ind1="0" ind2=" ">
    <subfield code="t">Consultor tributario</subfield>
    <subfield code="g">- Vol. 2, N&#xBA; 15 (may. 2008)</subfield>
    <subfield code="w">REV474</subfield>
  </datafield>
  <datafield tag="999" ind1=" " ind2=" ">
    <subfield code="c">13080</subfield>
    <subfield code="d">13080</subfield>
  </datafield>
</record>
